[Event "HUN-chT 2017-18"]
[Site "Budapest"]
[Date "2018.05.05"]
[Round "8"]
[White "Szabo, Gergely-Andras-Gyul"]
[Black "Izsak, Gyula"]
[Result "1/2-1/2"]
[WhiteElo "2541"]
[BlackElo "2424"]
[Annotator "TA"]
[PlyCount "53"]
[EventDate "2018.??.??"]
[EventType "team-tourn"]
[EventCountry "HUN"]
[SourceTitle "playchess.com"]
[Source "ChessBase"]
[SourceQuality "1"]

{[%evp 23,53,40,39,37,53,23,70,68,89,96,129,90,67,38,38,38,38,38,38,38,31,38,39,30,34,41,33,23,8,2,53,24]} 1. e4 c5 2. Nf3 e6 3. d4 cxd4 4. Nxd4 a6 5. c4 Nf6 6. Nc3 Qc7 7. a3 Be7 8. Be3 {B41: Sicilian: Kan Variation: 5 c4} d6 9. Be2 O-O 10. O-O b6 11. Qd2 Bb7 12. f3 Nbd7 {LiveBook: 131 Games} 13. Rfc1 (13. a4 Rfe8 14. Rfc1 Ne5 15. a5 bxa5 16. Nb3 Rab8 17. Nxa5 Ba8 18. Na4 Qd8 19. Bd4 {0-1 (37) Bruzon Batista,L (2659)-Svidler,P (2727) Berlin 2015}) 13... Rac8 14. a4 Nc5 15. b4 e5 $146 {[#]} ({Predecessor:} 15... Ncd7) 16. Ndb5 $1 {[%cal Rb5c7]} Ncxe4 17. Nxc7 Nxd2 18. Bxd2 {N7d5 is the strong threat.} (18. N7d5 {keeps more tension.} Nxd5 19. Nxd5 Bxd5 20. cxd5 Nb3 21. Rxc8 Rxc8 22. Ra3) 18... Rxc7 19. Be3 $1 Nd7 20. Nd5 Bxd5 $1 21. cxd5 Rxc1+ 22. Rxc1 Nf6 23. Bxa6 {Hoping for Bc4.} Nxd5 24. Bd2 Rb8 25. a5 bxa5 26. bxa5 Nf4 (26... Rb2 $11 27. Rc8+ Bf8) 27. Bxf4 {Precision: White = 65%, Black = 36%.} 1/2-1/2

[Event "HUN-chT 2017-18"]
[Site "Budapest"]
[Date "2018.05.05"]
[Round "8"]
[White "Medvegy, Zoltan"]
[Black "Fogarasi, Tibor"]
[Result "1-0"]
[WhiteElo "2539"]
[BlackElo "2380"]
[Annotator "TA"]
[PlyCount "99"]
[EventDate "2018.??.??"]
[EventType "team-tourn"]
[EventCountry "HUN"]
[SourceTitle "playchess.com"]
[Source "ChessBase"]
[SourceQuality "1"]

{[%evp 19,99,45,46,60,55,40,84,86,77,15,17,10,10,0,5,0,1,0,47,37,32,7,25,27,39,41,39,12,117,124,124,124,124,124,126,0,79,0,125,122,118,129,115,108,154,154,188,164,374,380,377,0,164,0,374,370,435,451,459,416,407,412,452,445,445,445,445,445,544,533,418,315,3306,3306,3306,3306,3150,315,315,315,1079,990]} 1. Nf3 Nf6 2. c4 g6 3. Nc3 d5 4. cxd5 Nxd5 5. h4 Bg7 6. e4 {A16: English Opening: 1...Nf6 with ...d5} (6. h5 Nc6 7. h6 Bf6 8. Ne4 Bg4 9. e3 O-O 10. Nxf6+ exf6 11. Be2 Re8 12. O-O Qe7 13. d4 {0-1 (22) Akobian,V (2647)-Duda,J (2717) Riadh 2017}) 6... Nb6 7. d4 Bg4 8. Be3 Nc6 9. d5 Ne5 10. Be2 Nxf3+ {LiveBook: 3 Games} 11. gxf3 Bh5 12. Qb3 $146 ({Predecessor:} 12. f4 Bxe2 13. Qxe2 {½-½ (37) Ghaem Maghami,E (2566)-Puranik,A (2481) Moscow 2017}) 12... O-O 13. f4 Bxe2 14. Kxe2 (14. Nxe2 $16 Qd7 15. Rc1) 14... c6 $11 15. Rad1 {[%cal Ba1d1,Bd1d5,Bd5c5,Bc5c6][%mdl 32]} cxd5 16. Nxd5 Nxd5 17. Rxd5 Qc8 {aiming for ...Qg4+.} 18. f5 e6 19. Rc5 $36 {[%mdl 2048] White is pushing.} Qd7 {[%cal Re6f5]} 20. h5 {And now hxg6 would win.} b6 (20... exf5 {feels hotter.} 21. hxg6 hxg6 22. Rd1 Qe6 23. Qxe6 fxe6 24. Rc7 b6) 21. fxe6 Qxe6 22. Qxe6 fxe6 23. Rc6 Bxb2 (23... Rac8 $11 {keeps the balance.} 24. Rxe6 Rc2+ 25. Kd3 Rxb2 26. hxg6 hxg6 27. Rxg6 Rd8+ 28. Kc4 Kf7) 24. hxg6 $16 ({Don't do} 24. Rxe6 Rfe8 $14) 24... hxg6 25. Rxe6 Rf6 26. Re7 Rf7 27. Re6 Rf6 $1 {[%cal Rf6e6]} 28. Re7 Rf7 {[#]} 29. Rxf7 $1 Kxf7 {[%mdl 4096] Endgame [#] KRB-KRB} 30. Rh7+ $1 Ke6 31. f4 Ba1 32. Kf3 Bc3 33. Rc7 Bf6 $2 (33... Bb2 {was worth a try.} 34. Kg4 Kd6) 34. Rc6+ $18 Kf7 35. Rc7+ (35. e5 $142 Bd8 36. Ke4) 35... Ke6 36. Rc6+ $2 (36. Kg4) 36... Kf7 37. e5 Bd8 38. Ke4 a5 39. Kd5 b5 40. Bc5 b4 41. Rd6 Bh4 42. Rd7+ Kg8 43. e6 {[%cal Be5e6,Be6e7][%mdl 32]} Bf6 44. Rf7 Bc3 45. f5 {[%cal Bf4f5,Bf5g6][%mdl 32]} a4 $2 (45... gxf5 46. Rxf5 Kg7) 46. fxg6 b3 47. e7 {Intending Rf8+ and mate.} Bg7 48. a3 $2 (48. axb3 axb3 49. Rf1) 48... b2 49. Rf1 Bh6 $2 (49... Bf6 50. Ke6 Kg7) 50. Rb1 {Precision: White = 67%, Black = 36%.} 1-0

[Event "HUN-chT 2017-18"]
[Site "Budapest"]
[Date "2018.05.05"]
[Round "8"]
[White "Savic, Miodrag R"]
[Black "Ruck, Robert"]
[Result "1-0"]
[WhiteElo "2535"]
[BlackElo "2509"]
[Annotator "TA"]
[PlyCount "81"]
[EventDate "2018.??.??"]
[EventType "team-tourn"]
[EventCountry "HUN"]
[SourceTitle "playchess.com"]
[Source "ChessBase"]
[SourceQuality "1"]

{[%evp 18,81,39,38,38,29,38,27,39,22,30,0,27,6,16,-9,-19,-14,37,33,40,46,45,47,48,43,48,61,76,72,85,69,77,60,58,54,54,54,99,95,92,88,99,93,124,126,168,169,365,358,350,353,358,360,342,348,347,342,584,585,547,511,474,483,654,646]} 1. e4 c6 2. d4 d5 3. e5 Bf5 4. Nf3 e6 5. Be2 Ne7 6. O-O Nd7 7. b3 {[%cal Bb2b3,Bb3b4][%mdl 32]} h6 8. c4 Ng6 9. Be3 {B12: Caro-Kann: Advance Variation} (9. Na3 Bb4 10. Nc2 Bc3 11. Rb1 O-O 12. Bd3 Be4 13. Bxe4 dxe4 14. Nd2 Bxd2 15. Qxd2 c5 16. Ba3 Qh4 {½-½ (55) Shirov,A (2702)-Kovalenko,I (2702) Riga 2015}) 9... Bb4 10. a3 {LiveBook: 3 Games} Ba5 11. cxd5 {White is slightly better.} cxd5 12. b4 Bb6 $146 ({Predecessor:} 12... Bc7 13. Ne1 Nh4 14. Nd2 Bh7 15. Nd3 O-O 16. Nb3 Nb6 {½-½ (44) Pogonina,N (2447)-Ubiennykh,E (2336) Tyumen 2012}) 13. Nc3 O-O 14. Bd3 {And now Bxf5 would win.} Ne7 15. Re1 Bc7 16. Ne2 Nb6 17. Ng3 Nc4 (17... Bxd3 $11 18. Qxd3 Nc4) 18. Nxf5 Nxf5 19. Bxf5 exf5 20. Qd3 Qd7 21. Nh4 Nxe3 22. Rxe3 g6 23. g3 Rac8 24. Rae1 {aiming for e6.} Rfe8 {[#]} 25. e6 $1 {[%mdl 512]} Rxe6 26. Rxe6 fxe6 27. Nxg6 Kf7 28. Nh4 Bd8 29. Ng2 Bc7 30. Qf3 Bd6 31. Nh4 {[#] Strongly threatening Qh5+.} Kg7 32. Qe3 a5 $2 (32... f4 33. Qxe6 Qxe6 34. Rxe6 Bf8) 33. Qxe6 $18 Qxe6 34. Rxe6 axb4 35. axb4 ({Not} 35. Rxd6 bxa3 36. Nxf5+ Kf8 $11) ({Weaker is} 35. Nxf5+ Kf7 $18) 35... Bxb4 36. Nxf5+ {KRB-KRN} Kf7 37. Rb6 ({Don't take} 37. Rxh6 Ra8) 37... Rc4 $2 (37... Rc1+ 38. Kg2 Bd2) 38. Nxh6+ {White is clearly winning.} Ke7 39. Nf5+ Kd7 40. Rxb7+ Ke6 41. g4 {Precision: White = 75%, Black = 38%.} 1-0

[Event "HUN-chT 2017-18"]
[Site "Budapest"]
[Date "2018.05.05"]
[Round "8"]
[White "Pinter, Jozsef"]
[Black "Rapport, Richard"]
[Result "0-1"]
[WhiteElo "2523"]
[BlackElo "2707"]
[Annotator "TA"]
[PlyCount "54"]
[EventDate "2018.??.??"]
[EventType "team-tourn"]
[EventCountry "HUN"]
[SourceTitle "playchess.com"]
[Source "ChessBase"]
[SourceQuality "1"]

{[%evp 16,54,25,13,23,23,16,-4,-5,-8,0,-40,-20,-29,-37,-31,-33,-158,-144,-211,-198,-206,-212,-214,-199,-232,-110,-256,-255,-237,-163,-261,-198,-199,-183,-361,-360,-426,-362,-362,-373]} 1. d4 e6 2. g3 Nf6 3. Bg2 Be7 4. Nf3 b6 5. O-O Bb7 6. c4 O-O 7. Re1 a5 {E17: Queen's Indian: 4 g3 Bb7 5 Bg2 Be7} 8. Nc3 (8. Bf4 Na6 9. Nc3 Ne4 10. Nd2 Nxc3 11. bxc3 Bxg2 12. Kxg2 Nb8 13. e4 d6 14. Nf3 a4 15. e5 {½-½ (33) Nakamura,H (2781)-Rapport,R (2700) Caleta 2018}) 8... Ne4 9. Bd2 {LiveBook: 9 Games} d6 {The position is equal.} 10. d5 $146 ({Predecessor:} 10. Qc2 Nxd2 11. Nxd2 c6 12. a3 Bf6 13. e3 Nd7 14. b4 Qc7 15. Nb3 axb4 16. axb4 {½-½ (59) Melkumyan,H (2633)-Liang,A (2573) Sitges 2017}) 10... Nxd2 11. Qxd2 e5 12. e4 Bc8 13. h4 Na6 14. b3 Nc5 15. Qe3 g6 {[%cal Bg7g6,Bg6h5,Bh5h4][%mdl 32]} 16. h5 ({White has to play} 16. Ne2 $1 $15) 16... gxh5 $17 17. Qh6 (17. Rad1 $17 {was worth a try.}) 17... Bg4 $19 18. Qe3 Kh8 19. Nh2 Bd7 20. Qf3 Bg5 (20... h4 $19 {and Black stays clearly on top.} 21. Rad1 hxg3 22. fxg3 f5 23. exf5 Bxf5) 21. Re2 (21. Qxh5 $17 {is the only way for White.} Bd2 22. Rec1) 21... h4 22. Qh5 Qf6 23. Rf1 (23. Nf3 $142 Rg8 24. Nxg5 Qxg5 25. Qxg5 Rxg5 26. Re3) 23... hxg3 24. fxg3 Qg6 25. Qf3 $2 {[#]} (25. Bf3) 25... f5 26. Ref2 Bh6 27. exf5 Bxf5 {Precision: White = 19%, Black = 65%.} ({Don't play} 27... Rxf5 28. Qe2 $19) 0-1

[Event "HUN-chT 2017-18"]
[Site "Budapest"]
[Date "2018.05.05"]
[Round "8"]
[White "Kantor, Gergely"]
[Black "Szamoskozi, Gabor"]
[Result "1-0"]
[WhiteElo "2519"]
[BlackElo "2279"]
[Annotator "TA"]
[PlyCount "41"]
[EventDate "2018.??.??"]
[EventType "team-tourn"]
[EventCountry "HUN"]
[SourceTitle "playchess.com"]
[Source "ChessBase"]
[SourceQuality "1"]

{[%evp 16,41,59,47,73,50,83,67,115,123,175,166,191,187,379,371,379,377,552,531,899,877,1233,1149,1222,1225,29991,29992]} 1. d4 Nf6 2. c4 g6 3. Nc3 Bg7 4. e4 d6 5. Nge2 {[%cal Bg1e2,Be2g3,Bg3f1,Bf1d2,Bd2c4][%mdl 32]} O-O 6. Ng3 c5 7. d5 h5 {[%cal Bh7h5,Bh5h4][%mdl 32] E70: King's Indian: Miscellaneous lines with 4 e4, including 5 Nge2 and 5 Bd3 0-0 6 Nge2} (7... a6 8. a4 h5 9. Be2 e5 10. Bg5 Qe8 11. Qd2 Nbd7 12. O-O Nh7 13. Bh6 h4 14. Bxg7 Kxg7 15. Nh1 f5 16. exf5 gxf5 {0-1 (78) Ding,L (2774)-Carlsen,M (2837) Saint Louis 2017}) 8. Be2 h4 9. Nf1 {LiveBook: 3 Games} e6 {White is slightly better.} 10. Bg5 Qa5 11. Nd2 exd5 12. cxd5 Re8 $146 (12... h3 $16) ({Predecessor:} 12... h3 13. g3 Nbd7 14. Nc4 Qc7 15. Bf4 {½-½ (35) Mandetta,J (2127)-Hernandez Amura,G (1940) Buenos Aires 2013}) 13. Nc4 $18 Qa6 14. f3 {And now Bf4 would win.} Nh5 $2 {[#]} (14... b5) 15. a4 Bxc3+ 16. bxc3 f5 (16... f6 $142) 17. O-O fxe4 18. fxe4 Rxe4 19. Bxh5 Qxc4 20. Qf3 {[#] Intending Qf7+ and mate.} Bf5 21. Bxg6 $1 1-0

[Event "HUN-chT 2017-18"]
[Site "Budapest"]
[Date "2018.05.05"]
[Round "8"]
[White "Horvath, Csaba"]
[Black "Volokitin, Andrei"]
[Result "1/2-1/2"]
[WhiteElo "2518"]
[BlackElo "2633"]
[Annotator "TA"]
[PlyCount "33"]
[EventDate "2018.??.??"]
[EventType "team-tourn"]
[EventCountry "HUN"]
[SourceTitle "playchess.com"]
[Source "ChessBase"]
[SourceQuality "1"]

{[%evp 22,33,37,16,57,60,54,33,37,47,84,71,71,22]} 1. d4 Nf6 2. Nf3 d5 3. c4 e6 4. g3 Bb4+ 5. Bd2 Be7 6. Bg2 O-O 7. O-O c6 8. Qc2 b6 9. Bf4 Ba6 {E06: Closed Catalan: Early deviations} (9... Nbd7 10. Rd1 Ba6 11. cxd5 cxd5 12. Ne5 Nxe5 13. dxe5 Ng4 14. h3 Rc8 15. Nc3 Nxf2 16. Kxf2 Bc5+ 17. Ke1 f6 18. Qa4 fxe5 19. Bxe5 {0-1 (31) Inarkiev,E (2709)-Yu,Y (2729) Doha 2016}) 10. cxd5 cxd5 11. Rc1 Nbd7 12. Nc3 {LiveBook: 38 Games} Qc8 13. Qd1 $146 {[#] aiming for Nxd5!} ({Predecessor:} 13. a4 Qb7 14. Nb5 Rac8 15. Qd1 Ne4 16. Nd2 Ndf6 17. Nxe4 Nxe4 {½-½ (32) Urban,K (2467)-Landa,K (2598) Cappelle-la-Grande 2000}) 13... Qb7 14. Nd2 b5 15. a3 Nb6 16. e4 Rac8 17. Bg5 1/2-1/2

[Event "HUN-chT 2017-18"]
[Site "Budapest"]
[Date "2018.05.05"]
[Round "8"]
[White "Berczes, David"]
[Black "Krizsany, Laszlo"]
[Result "1-0"]
[WhiteElo "2503"]
[BlackElo "2419"]
[Annotator "TA"]
[PlyCount "83"]
[EventDate "2018.??.??"]
[EventType "team-tourn"]
[EventCountry "HUN"]
[SourceTitle "playchess.com"]
[Source "ChessBase"]
[SourceQuality "1"]

{[%evp 9,83,70,80,76,104,77,77,74,82,81,125,123,128,116,157,145,179,90,172,183,206,201,196,145,161,147,152,137,151,139,156,130,151,153,147,151,156,164,165,165,165,166,173,177,218,208,216,188,176,173,210,142,171,39,28,30,111,113,185,116,314,312,340,220,210,202,526,523,516,491,1271,1262,29980,29981,29982,29983]} 1. d4 c5 2. d5 e5 3. e4 d6 4. Bb5+ Bd7 5. a4 Ne7 (5... a6 6. Bd3 Be7 7. Nd2 Nf6 8. a5 O-O 9. Ngf3 g6 10. Nc4 Bb5 11. Nb6 Bxd3 12. cxd3 {1-0 (33) Wang,H (2713)-Liu,Q (2510) China 2015}) 6. Nf3 {A44: Semi-Benoni} Ng6 7. Nbd2 $146 {[%cal Bb1d2,Bd2c4,Bc4e3,Be3f5][%mdl 32]} ({Predecessor:} 7. h4 Be7 8. h5 Nh4 9. Nxh4 Bxh4 10. Qg4 Bf6 11. Nd2 Qa5 12. Bxd7+ Nxd7 {1-0 (49) Estremera Panos,S (2405)-Domenech Plana,J (2300) Spain 1999}) 7... Be7 8. Nc4 {White is better.} O-O 9. Ne3 Bc8 10. h4 {[%cal Bh2h4,Bh4h5][%mdl 32]} Nd7 11. h5 Nh8 12. Nf5 Nf6 13. Nxe7+ Qxe7 14. h6 Nxe4 15. hxg7 Kxg7 16. Bd3 ({White should try} 16. Nd2 $18 Nf6 17. Nc4) 16... Nf6 $16 {[#]} 17. Bh6+ $1 Kg8 {With the idea ...e4.} 18. Bxf8 Qxf8 19. Nd2 Ng6 20. g3 Bd7 21. Ne4 $36 {[%mdl 2048] Black is under strong pressure.} Nxe4 22. Bxe4 f5 23. Qh5 {[%csl Gh1][%cal Rh5h7]} Qf7 24. Bd3 a6 25. a5 Re8 26. O-O-O Re7 27. Qg5 Qf8 28. Rh5 e4 29. Be2 Rg7 30. Qe3 Qd8 31. g4 (31. Qd2 $18) 31... fxg4 $14 32. Rdh1 Qxa5 (32... Qf8 $11 {remains equal.}) 33. Kb1 $16 Qd8 {[#]} (33... Qa4 $16) 34. Qxe4 (34. Rg5 $1 $18) 34... Qf6 $2 (34... Qe8 $16 35. Qxe8+ Bxe8) 35. Bxg4 $18 Re7 36. Be6+ Bxe6 37. dxe6 Nf8 $2 (37... Qxe6 {is more resistant.} 38. Qxe6+ Rxe6 39. Rxh7 Re7) 38. Rg1+ Ng6 39. f4 {[%cal Bf2f4,Bf4f5][%mdl 32]} Rxe6 (39... Qxe6 $142 40. Qg2 Qe2) 40. Qxb7 Re7 41. Qa8+ Kg7 42. f5 {Precision: White = 77%, Black = 46%.} 1-0

[Event "HUN-chT 2017-18"]
[Site "Budapest"]
[Date "2018.05.05"]
[Round "8"]
[White "Nenezic, Marko"]
[Black "Kuzubov, Yuriy"]
[Result "1-0"]
[WhiteElo "2501"]
[BlackElo "2663"]
[Annotator "TA"]
[PlyCount "81"]
[EventDate "2018.??.??"]
[EventType "team-tourn"]
[EventCountry "HUN"]
[SourceTitle "playchess.com"]
[Source "ChessBase"]
[SourceQuality "1"]

{[%evp 9,81,8,8,8,3,6,5,0,18,5,6,10,15,6,13,8,13,13,46,17,75,73,75,75,79,68,104,86,86,90,85,91,149,88,121,77,126,67,91,84,91,17,100,94,150,139,154,138,317,151,136,118,111,108,122,98,93,78,54,0,63,47,42,22,124,0,190,31,263,-10,0,-19,502,494]} 1. Nf3 d5 2. g3 Bg4 3. Bg2 Nd7 4. O-O e6 (4... c6 5. d3 e6 6. h3 Bh5 7. e4 Bc5 8. exd5 exd5 9. c4 Ne7 10. Nc3 O-O 11. cxd5 Nxd5 12. Nxd5 cxd5 13. Qb3 Qb6 14. Qxd5 {1-0 (51) Sjugirov,S (2650)-Kuzubov,Y (2699) Riadh 2017}) 5. h3 Bh5 {LiveBook: 15 Games} 6. b3 {A07: Réti Opening: New York and Capablanca Systems} Be7 7. Bb2 Ngf6 $146 ({Predecessor:} 7... Bf6 8. d4 Be7 9. c4 c6 10. Nc3 Ngf6 11. Qe1 Bb4 {0-1 (36) Frobenius,W (2159)-Zentgraf,A (2162) Bayern 2006}) 8. d3 {The position is equal.} O-O 9. Nbd2 h6 10. e4 a5 11. a4 c6 12. Qe2 Qb6 13. Kh1 Nh7 14. Rad1 Qa6 (14... Ng5 $11) 15. exd5 $16 cxd5 16. g4 Bg6 17. Nd4 $1 Bf6 18. f4 Rfe8 19. Qf2 Rac8 20. N2f3 Nhf8 (20... Qb6 $142) 21. Nh4 (21. h4 $142 $1) 21... Kh8 22. Ba1 Qb6 23. Nhf3 (23. Nxg6+ $16 Nxg6 24. g5 $1 {[%mdl 512]} hxg5 25. fxg5 Bxg5 26. Qxf7) 23... Qd6 24. Qg3 Bh7 25. Ne5 (25. c4 $16) 25... Kg8 ({Much worse is} 25... Bxe5 $6 26. fxe5 Qb8 27. Rxf7 $16) (25... Nxe5 $11 26. Nb5 Qe7) 26. c4 dxc4 (26... Bxe5 $142 27. fxe5 Qxe5) 27. dxc4 Nxe5 28. Nb5 Qb4 $2 (28... Qe7 $16) 29. fxe5 (29. g5 $1 $18 {[%cal Rg5f6] and the rest is easy.} Be7 30. gxh6 (30. Bxe5 Bc2 $16) (30. fxe5 hxg5 31. Nd6 Bf5 $14)) 29... Be7 30. Nd6 Bxd6 31. exd6 {And now Rxf7! would win.} Nd7 32. Qf3 f6 33. Qxb7 Red8 34. Qf3 (34. Bd4 $14) 34... Nc5 (34... Bc2 $11) 35. Bc3 $36 {[%mdl 2048] Black is under pressure.} Qb6 36. Qe3 {d7 is the strong threat.} e5 (36... Rd7 $11) 37. Qe1 (37. Rd5 $1 $16) 37... Nxb3 $2 {[#]} (37... Qxb3 $11 38. Bxa5 Nd3 39. Bd5+ Kh8) 38. Rd5 $2 ({Much less strong is} 38. d7 $6 Rc5 $14) (38. Bxe5 $1 $18 fxe5 39. Qxe5) 38... Rc5 $2 {[#]} ({Black should play} 38... Rxd6 $14 39. Rb5 Qc7) 39. Qd1 $2 (39. Rxc5 $1 $18 Qxc5 40. Bd5+ Kf8 41. Bxe5 Rxd6 42. Bxd6+ Qxd6 43. Qc3) 39... Kh8 $11 40. d7 Qc7 $2 {[%mdl 8192]} (40... Bg6 $11 {and Black has nothing to worry.}) 41. Qxb3 {Precision: White = 51%, Black = 27%.} 1-0

[Event "HUN-chT 2017-18"]
[Site "Budapest"]
[Date "2018.05.05"]
[Round "8"]
[White "Szabo, Krisztian"]
[Black "Berta, Sandor"]
[Result "1/2-1/2"]
[WhiteElo "2498"]
[BlackElo "2069"]
[Annotator "TA"]
[PlyCount "35"]
[EventDate "2018.??.??"]
[EventType "team-tourn"]
[EventCountry "HUN"]
[SourceTitle "playchess.com"]
[Source "ChessBase"]
[SourceQuality "1"]

{[%evp 10,35,23,0,26,18,43,31,20,19,66,48,57,5,47,43,82,25,29,0,0,14,48,-58,-47,-50,-65,-58]} 1. e4 g6 2. d4 c6 3. f4 d5 4. e5 h5 5. c4 Nh6 6. Nc3 {LiveBook: 7 Games. B12: Caro-Kann: Advance Variation} Nf5 7. Nf3 Bh6 $146 ({Predecessor:} 7... e6 8. Bd3 Be7 9. a3 dxc4 10. Bxc4 Nd7 11. Ba2 Nb6 12. O-O Nd5 13. Nxd5 exd5 {0-1 (38) Chang,S (2132)-Szmetan,R (2322) Sao Paulo 2003}) 8. Be2 {White is slightly better.} O-O 9. O-O Be6 10. b3 Na6 {[%cal Bb8a6,Ba6c7,Bc7e6][%mdl 32]} 11. a3 (11. c5 $14) 11... Nc7 12. c5 b5 13. cxb6 (13. Bd3 $16) 13... axb6 $11 14. b4 c5 15. b5 Bc8 16. Rf2 (16. dxc5 $14 d4 17. Ne4 (17. cxb6 Ne6 $15)) 16... Ne6 $1 $15 {[%cal Rc5d4]} 17. dxc5 d4 18. Ne4 {Precision: White = 50%, Black = 34%.} 1/2-1/2

[Event "HUN-chT 2017-18"]
[Site "Budapest"]
[Date "2018.05.05"]
[Round "8"]
[White "Korpa, Bence"]
[Black "Toth, Ervin"]
[Result "1/2-1/2"]
[WhiteElo "2497"]
[BlackElo "2416"]
[Annotator "TA"]
[PlyCount "89"]
[EventDate "2018.??.??"]
[EventType "team-tourn"]
[EventCountry "HUN"]
[SourceTitle "playchess.com"]
[Source "ChessBase"]
[SourceQuality "1"]

{[%evp 16,89,37,37,37,39,47,29,46,32,33,42,43,47,44,43,43,31,60,64,68,74,114,78,85,56,51,48,48,48,48,48,32,34,35,30,45,56,25,0,0,-1,0,0,0,0,0,0,0,0,0,0,0,0,0,0,0,0,0,0,0,-2,-2,-2,-3,-8,0,0,0,0,0,0,0,0,0,0]} 1. Nf3 Nf6 2. g3 g6 3. b3 Bg7 4. Bb2 O-O 5. Bg2 d6 6. d4 Nbd7 7. O-O c6 8. Nbd2 d5 9. c4 {LiveBook: 4 Games} b6 {A49: 1 d4 Nf6 2 Nf3 g6 3 g3: Anti-King's Indian systems} (9... Ne4 10. Qc2 f5 11. cxd5 cxd5 12. Nxe4 fxe4 13. Ng5 Nf6 14. Rac1 Bd7 15. Qc7 Bc6 16. Qxd8 Rfxd8 17. Ne6 {½-½ (62) Mirzoeva,E (2262)-Bivol,A (2356) Moscow 2018}) 10. Qc2 $146 ({Predecessor:} 10. Rc1 Bb7 11. Re1 Bh6 12. e3 Ne4 13. Qc2 f5 14. cxd5 cxd5 15. Qc7 Rb8 16. Bf1 Qc8 17. Nxe4 fxe4 {1-0 (27) Aoyama,E (1797)-Do Valle Cardoso,L (1448) Sao Paulo 2016}) 10... Bb7 11. e4 dxe4 {White has an edge.} 12. Nxe4 Nxe4 13. Qxe4 Re8 14. Rad1 Qc7 15. Qc2 Rad8 16. Rfe1 Qb8 17. h4 {[%cal Bh2h4,Bh4h5][%mdl 32]} Nf6 18. Ne5 Qa8 19. Bf3 Nd7 20. h5 Nxe5 21. dxe5 c5 22. Bxb7 Qxb7 23. e6 Bxb2 24. exf7+ Kxf7 {[#] Threatens to win with ...Bd4.} 25. Qxb2 Qf3 26. h6 {[%csl Gh6][%cal Rb2g7]} Qf6 27. Qa3 a5 {The position is equal.} 28. Qa4 g5 29. Rd7 Qxh6 30. Red1 Rxd7 31. Qxd7 $11 {[%mdl 4096] Endgame KQR-KQR} Qe6 32. Qd2 Qf6 33. Qe3 Qf5 34. Rd5 e5 35. Qd2 Kg6 36. Qe2 h5 37. Rd6+ Re6 38. Rd8 e4 39. Qd2 {[#]} e3 $1 {[%mdl 512]} 40. fxe3 Qb1+ 41. Kh2 {Hoping for Rg8+.} Qf5 42. Rg8+ Kh6 43. Rh8+ Kg6 44. Rg8+ Kh6 45. Rh8+ {Precision: White = 89%, Black = 68%.} 1/2-1/2

[Event "HUN-chT 2017-18"]
[Site "Budapest"]
[Date "2018.05.05"]
[Round "8"]
[White "Nemeth, Miklos"]
[Black "Borocz, Istvan"]
[Result "1/2-1/2"]
[WhiteElo "2491"]
[BlackElo "2365"]
[Annotator "TA"]
[PlyCount "55"]
[EventDate "2018.??.??"]
[EventType "team-tourn"]
[EventCountry "HUN"]
[SourceTitle "playchess.com"]
[Source "ChessBase"]
[SourceQuality "1"]

{[%evp 19,55,0,3,-8,8,11,27,25,22,23,20,19,58,20,20,29,16,10,8,0,0,0,10,0,0,-18,0,0,0,0,2,5,3,0,2,7,2,0]} 1. e4 e6 2. d4 d5 3. Nd2 c5 4. exd5 exd5 5. Ngf3 Nf6 6. Bb5+ Bd7 7. Bxd7+ Nbxd7 8. O-O Be7 9. b3 O-O 10. Bb2 Rc8 {LiveBook: 3 Games. C08: French Tarrasch: 3...c5 4 exd5 exd5 sidelines} (10... Re8 11. c4 Bf8 12. cxd5 Nxd5 13. Nc4 b5 14. dxc5 Nxc5 15. Nce5 f6 16. Nd3 Ne4 17. Re1 Rc8 18. Rc1 {½-½ (51) Sokolov,A (2545)-Stojanovic,M (2552) Switzerland 2015}) 11. c4 dxc4 $146 ({Predecessor:} 11... Re8 12. Re1 dxc4 13. Nxc4 b5 14. Ne3 c4 15. bxc4 bxc4 16. Nf5 Bb4 17. Rxe8+ Qxe8 18. a3 {0-1 (41) Franco Valencia,A (2214)-Dappiano,A (2326) Sitges 2017}) 12. Nxc4 b5 13. Ne3 c4 14. bxc4 bxc4 15. Rc1 Qa5 16. Nxc4 Qxa2 17. Nfd2 {[#] Strongly threatening Ra1.} Qa6 $1 18. Ra1 {The position is equal.} Qb7 19. Qa4 Rc7 20. Ba3 Bxa3 21. Rxa3 Nb6 22. Nxb6 Qxb6 23. h3 Rfc8 24. Nf3 h6 25. Re1 Qd6 26. Rae3 Rb8 27. Qa2 Rbc8 28. Qa4 {Precision: White = 50%, Black = 76%.} 1/2-1/2

[Event "HUN-chT 2017-18"]
[Site "Budapest"]
[Date "2018.05.05"]
[Round "8"]
[White "Sipos, Istvan"]
[Black "Grigoriants, Sergey"]
[Result "1/2-1/2"]
[WhiteElo "2490"]
[BlackElo "2545"]
[Annotator "TA"]
[PlyCount "36"]
[EventDate "2018.??.??"]
[EventType "team-tourn"]
[EventCountry "HUN"]
[SourceTitle "playchess.com"]
[Source "ChessBase"]
[SourceQuality "1"]

{[%evp 26,36,18,-1,18,21,31,31,16,18,27,12,32]} 1. c4 Nf6 2. Nc3 e5 3. Nf3 Nc6 4. g3 d5 5. cxd5 Nxd5 6. Bg2 Nb6 7. O-O Be7 8. Rb1 a5 9. d3 O-O {A29: English Opening: Four Knights Variation with 4 g3} 10. Be3 Be6 11. d4 (11. Bxb6 cxb6 12. a3 f5 13. e3 Bf6 14. Rc1 Kh8 15. Re1 Bf7 16. Nb5 Bh5 17. Qc2 {0-1 (39) So,W (2812)-Karjakin,S (2781) Paris 2017}) 11... exd4 12. Nxd4 Nxd4 13. Bxd4 c6 14. f4 {LiveBook: 8 Games} Bc4 15. b3 Ba6 $1 16. Bf2 Nd7 $146 ({Predecessor:} 16... Re8 17. Qc2 {1-0 (25) Tari,A (2510)-Salvenmoser,S (2215) Vienna 2015}) 17. Qc2 Bb4 18. Rfd1 {[#] Bh3 is the strong threat.} Qe7 1/2-1/2